000 00331nam a22001337a 4500
008 170210b xxu||||| |||| 00| 0 eng d
020 _a0306403838
041 _aeng
080 _a61
100 _a4
101 _aSHM
245 _aTHE PULMONARY AND BRONCHIAL CIRCULATIONS IN CONGENITAL HEART DISEASE
_cBLOOR, C.M
942 _2udc
_cBK
999 _c5164
_d5164